Malestar en los museos /
Se aborda el doble desaliento que se produce en los museos de arte. Por un lado, la mercantilización de la visita a estos centros culturales, en que se forman largas filas de gente que, en muchas ocasiones, no sabe ni aprende de lo que está viendo; por otro lado, el abandono en que viven muchos de e...
Gespeichert in:
| 1. Verfasser: | |
|---|---|
| Format: | Buch |
| Sprache: | Spanisch |
| Veröffentlicht: |
Gijón, España :
Trea,
2011, c2011
|
| Schriftenreihe: | (Artes Trea ;
10) |
| Schlagworte: | |
| Tags: |
Keine Tags, Fügen Sie das erste Tag hinzu!
|
MARC
| LEADER | 00000nam^a2200000^a^4500 | ||
|---|---|---|---|
| 001 | 000418453 | ||
| 005 | 20250521000000.0 | ||
| 009 | 20260310122418.436 | ||
| 020 | |a 978-84-9704-607-7 | ||
| 037 | |a Acervo ITESO - Biblioteca | ||
| 041 | |a ESP | ||
| 082 | |a 708. 07 |b CLA | ||
| 100 | |a Clair, Jean |e (autor) | ||
| 245 | 1 | 0 | |a Malestar en los museos / |c J. Clair ; tr. por Pablo García Guerrero. |
| 264 | 4 | |a Gijón, España : |b Trea, |c 2011, c2011 | |
| 300 | |a 117 p. | ||
| 336 | |a texto |b txt |2 rdacontenido | ||
| 337 | |a sin mediación |b n |2 rdamedio | ||
| 338 | |a volumen |b nc |2 rdasoporte | ||
| 440 | 1 | |a (Artes Trea ; |v 10) | |
| 500 | |a Traducción de: Malaise dans les musées | ||
| 520 | |a Se aborda el doble desaliento que se produce en los museos de arte. Por un lado, la mercantilización de la visita a estos centros culturales, en que se forman largas filas de gente que, en muchas ocasiones, no sabe ni aprende de lo que está viendo; por otro lado, el abandono en que viven muchos de estos recintos, como consecuencia de las políticas culturales y económicas que no velan por la protección de patrimonio artístico. | ||
| 521 | |a EEnlace Centro de Promoción Cultural 2020 | ||
| 649 | |a XX | ||
| 650 | |a Visitantes de Museos | ||
| 650 | |a Museos y Galerías - |x Aspectos Sociales y Culturales - |x Tema Principal | ||
| 650 | |a Museos y Galerías - |x Administración | ||
| 650 | |a Patrimonio Artístico | ||
| 650 | |a Recepción y Apreciación del Arte - |x Tema Principal | ||
| 650 | |a Arte - |x Colecciones | ||
| 650 | |a Arte - |x Difusión - |x Tema Principal | ||
| 650 | |a Gestión Cultural | ||
| 650 | |a Museología - |x Tema Principal | ||
| 910 | |a Fondo General | ||
| 920 | |a Impresos - Libros | ||
| 930 | |a Colección General | ||
| 905 | |a 101 | ||
| 901 | |a 0500328775 |b IT1 |c ACC |i C171945 |u 20250521 | ||
| 902 | |a https://opac.biblio.iteso.mx/vufind/Record/000418453 | ||